00319nam a2200133Ia 4500008004100000041000800041082001600049100002600065245001600091260003100107300003000138365001100168440000600179240624s9999 xx 000 0 und d aeng a428.422 DIA aDIAZ ISOBEL RAINEY DE aIN DETAIL 1 c2003aAustraliabAustralia avi, : 154 : p. : cm. ; 28 cRSb10 v2